Catálogo

CALCULO (Registro nro. 52690)

Detalles MARC
000 -LEADER
fixed length control field 00999nam a2200205 a 4500
001 - CONTROL NUMBER
control field 52690
005 - DATE AND TIME OF LATEST TRANSACTION
control field 20180714042635.0
008 - FIXED-LENGTH DATA ELEMENTS--GENERAL INFORMATION
fixed length control field 140415s1995 mx 000 0 spa d
020 ## - INTERNATIONAL STANDARD BOOK NUMBER
International Standard Book Number 9682612810
041 ## - LANGUAGE CODE
Language code of text/sound track or separate title spa
082 ## - DEWEY DECIMAL CLASSIFICATION NUMBER
Classification number 515.15
Item number CAL
245 00 - TITLE STATEMENT
Title CALCULO
250 ## - EDITION STATEMENT
Edition statement 1a ed.
260 ## - PUBLICATION, DISTRIBUTION, ETC.
Place of publication, distribution, etc. MEXICO :
Name of publisher, distributor, etc. COMPAÑIA EDITORIAL CONTINENTAL,
Date of publication, distribution, etc. 1995
300 ## - PHYSICAL DESCRIPTION
Extent 176
Dimensions 19 x 3.3 x 24.5
520 ## - SUMMARY, ETC.
Summary, etc. DOS PRINCIPIOS BASICOS GUIARON NUESTRO TRABJO; EL PRIMERO ES NUESTRA RECETA PARA RESTITUIR EL CONTENIDO MATEMATICO AL CALCULO: TODO TEOREMA DEBE SER PRESENTADOEN FORMA GEOMETRICA, NUMERICA Y ALGEBRAICA. DE MANERA CONTINUA ESTIMULAMOS A LOS ALUMNOS A PENSAR SOBRE EL SIGNIFICADO GEOMETRICO Y NUMERICO DE LO QUE HAGAN. EL SEGUNDO PRINCIPIO, INSPIRADO EN ARQUIMIDES, ESNUESTRA RECETA PARA RESTITUIR EL CONOCIMIENTO PRACTICO: LAS DEFINICIONES Y PROCEDIMIENTOS FORMSLES EVOLUCIONAN PORLA INVESTI
650 14 - SUBJECT ADDED ENTRY--TOPICAL TERM
Topical term or geographic name entry element CALCULO
700 1# - ADDED ENTRY--PERSONAL NAME
Personal name ROMO MUÑOZ, JORGE H.
Relator term tr.
740 ## - ADDED ENTRY--UNCONTROLLED RELATED/ANALYTICAL TITLE
Uncontrolled related/analytical title CALCULUS
Existencias
Withdrawn status Lost status Source of classification or shelving scheme Damaged status Not for loan Collection code Home library Current library Shelving location Date acquired Source of acquisition Inventory number Total Checkouts Full call number Barcode Date last seen Date last checked out Price effective from Koha item type
    Dewey Decimal Classification     General Biblioteca Karol Wojtyla Biblioteca Karol Wojtyla Sala general 03/12/2013 Compra 151000000000000000036739 2 515.15 CAL 78244 05/01/2026 05/11/2019 03/12/2013 Libro